Một số tục lệ cổ của dòng họ Đinh Văn

Nội dung giới thiệu tục lệ cưới, dựng và lễ lên nhà mới, lễ tang cổ của dòng họ Đinh Văn.

সংরক্ষণ করুন:
গ্রন্থ-পঞ্জীর বিবরন
প্রধান লেখক: Đinh, Văn Ân
বিন্যাস: গ্রন্থ
ভাষা:Undetermined
প্রকাশিত: Hà Nội Văn hóa Dân tộc 2010
বিষয়গুলি:
ট্যাগগুলো: ট্যাগ যুক্ত করুন
কোনো ট্যাগ নেই, প্রথমজন হিসাবে ট্যাগ করুন!
Thư viện lưu trữ: Trung tâm Học liệu Trường Đại học Cần Thơ
LEADER 00761nam a2200205Ia 4500
001 CTU_164025
008 210402s9999 xx 000 0 und d
082 |a 392.3597 
082 |b Â121 
100 |a Đinh, Văn Ân 
245 0 |a Một số tục lệ cổ của dòng họ Đinh Văn 
245 0 |c Đinh, Văn Ân 
260 |a Hà Nội 
260 |b Văn hóa Dân tộc 
260 |c 2010 
520 |a Nội dung giới thiệu tục lệ cưới, dựng và lễ lên nhà mới, lễ tang cổ của dòng họ Đinh Văn. 
650 |a Manners and customs,Phong tục tập quán 
650 |z Vietnam,Việt Nam 
904 |i Qhieu 
980 |a Trung tâm Học liệu Trường Đại học Cần Thơ